Negima! Omnibus 1 /

Follow the adventures of Negi Springfield, a fresh magic academy graduate, as he starts his new job as a teacher at an allgirls high school. Can he balance his teaching duties while pursuing his dream to become a great wizard like his father? Contains Negima! volumes 123!

Bibliographic Details
Corporate Author: Library Pass, LLC
Other Authors: Akamatsu, Ken (writer.)
Format: eBook
Language:English
Published: [United States] : Kodansha, 2021.
Subjects:
Online Access:Connect to this electronic book (First time users create your free account)

MARC

Tag First Indicator Second Indicator Subfields
LEADER 00000nmm a22000001a 4500
001 in00004620213
006 m|||||o||m||||||||
007 cr|cn |||uuuuu
008 221118s2021 xxu||||eo|||| ||||||eng d
005 20221207215857.5
035 |a (TxWaIVM)IV82745KoNe 
040 |a TxWaIVM  |c TxWaIVM 
245 0 0 |a Negima! Omnibus 1 /  |c powered by Library Pass. 
260 3 |a [United States] :  |b Kodansha,  |c 2021. 
300 |a 1 online resource. 
336 |a text  |b txt  |2 rdacontent 
337 |a computer  |b c  |2 rdamedia 
338 |a online resource  |b cr  |2 rdacarrier 
520 |a Follow the adventures of Negi Springfield, a fresh magic academy graduate, as he starts his new job as a teacher at an allgirls high school. Can he balance his teaching duties while pursuing his dream to become a great wizard like his father? Contains Negima! volumes 123! 
521 |a 3 
538 |a Requires a valid library card and registration for new users. 
538 |a Mode of access: World Wide Web. 
538 |a System requirements: Flash 10.1 or higher, Windows XP and higher, Internet Explorer 7 and higher, Firefox 3.6 and higher, Google Chrome; Max OS 10.5 and higher, Safari 4 and higher. 
650 0 |a Humor 
655 7 |a Electronic books.  |2 local 
655 7 |a Humor  |2 gsafd 
650 0 |a Fantasy comic books, strips, etc. 
655 7 |a Fantasy comic books, strips, etc.  |2 gsafd 
650 0 |a Comic books, strips, etc. 
655 7 |a Comic books, strips, etc.  |2 gsafd 
650 0 |a Shonen 
655 7 |a Shonen  |2 gsafd 
650 0 |a Fantasy comic books, strips, etc. 
655 7 |a Fantasy comic books, strips, etc.  |2 gsafd 
700 1 |a Akamatsu, Ken.  |e writer. 
700 1 |a Akamatsu, Ken.  |e artist. 
710 2 |a Library Pass, LLC. 
856 4 0 |u http://proxy.library.tamu.edu/login?url=https://tamu.librarypass.com/product/com.iversecomics.kodansha.negima.omnibus.1.english.07052021  |z Connect to this electronic book (First time users create your free account)  |t 0 
955 |a Comics Plus. 
999 f f |s 5c857a51-95a8-4d2f-83c4-1571856b73b7  |i cde4fa35-bfdd-41ef-b5cd-4b9c8ea9777d  |t 0 
952 f f |a Texas A&M University  |b College Station  |c Electronic Resources  |d Available Online  |t 0  |h Library of Congress classification 
998 f f |t 0  |l Available Online